000
00274nam a22001217a 4500
008
181101b xxu||||| |||| 00| 0 eng d
041
_a
eng
080
_a
610
100
_a
4
101
_a
SHM
245
_a
Diverticular Disease of the Colon
_c
Colcock,B.P
942
_2
udc
_c
BK
999
_c
51509
_d
51509